| 000 | 00903nas a2200289 4500 | ||
|---|---|---|---|
| 001 | BR0505252 | ||
| 003 | BR-BrBNA | ||
| 005 | 20231205105709.0 | ||
| 007 | ta | ||
| 008 | 230509b bl.|||p| |||| 00| 00por d | ||
| 040 |
_aBR-BrBNA _bpor _cBiblioteca Nacional de Agricultura |
||
| 041 | _a(Pt) | ||
| 072 | _aP01; F70 | ||
| 100 | 1 | _aCardoso-Leite, E. | |
| 100 | 1 | _aPagani, M.I. | |
| 100 | 1 | _aMonteiro, R. | |
| 100 | 1 | _aHamburger, D.S. | |
| 245 | 1 | _aEcologia da paisagem: mapeamento da vegetação da reserva biológica da serra do Japi, Jundiaí, SP, Brasil | |
| 650 | _aPAISAGISMO | ||
| 650 | _aVEGETAÇÃO | ||
| 650 | _aPRESERVAÇÃO DA NATUREZA | ||
| 650 | _aRESERVA BIOLÓGICA | ||
| 650 | _aSÃO PAULO | ||
| 773 | 0 |
_tActa Botanica Brasilica (Brazil) _xISSN 0102-3306 _g(Apr-Jun 2005), v. 19(2) p. 233-243 _wBR0505252 |
|
| 909 |
_a202311 _bLúcia _c55 _dLúcia Elande |
||
| 942 |
_2AGRIS _n0 _cANA |
||
| 999 |
_c184209 _d184209 |
||